00521nam a2200181 a 45000010010000000030011000100080041000210350026000620820014000881000022001022450026001242600039001506500013001899420012002029520090002149980020003049990015003240000-8787ELIB.Books110520 1969  a(ELIB.Books)0000-8933 a230 bMet aMetz, Johannes B. aTheology of the World bNew York: Herder and Herder c1969 aTheology 2ddccBK 00102ddc4070aKBTSbKBTSd2011-05-20l0p7873r2022-01-22 00:00:00w2022-01-22yBK cbate2011-05-20 c8787d8787